| 000 | 00913nam a2200253 a 4500 | ||
|---|---|---|---|
| 001 | 000023735 | ||
| 005 | 20251020130153.0 | ||
| 008 | 110112s2000 sp a 000 | spa d | ||
| 020 | _a8441510725 | ||
| 040 |
_aDO-SdBNP _bspa _cBNPHU |
||
| 082 |
_a005.43 _bS939m |
||
| 100 | 1 |
_aSuárez, Joaquín María _948870 |
|
| 245 | 1 | 0 |
_aManual imprescindible de Microsoft Windows Millenium Edition / _cJoaquín María Suárez ; coordinación editorial de José María Delgado Cabrera. |
| 260 |
_aMadrid : _bAnaya Multimedia, _c[2000]. |
||
| 300 |
_a416 p. : _ail. ; _c23 cm. |
||
| 490 | 1 | _aManuales imprescindibles | |
| 500 | _aIncluye índice alfabético | ||
| 650 | 4 |
_aMicrosoft windows (programa para computador) _918654 |
|
| 650 | 0 |
_aSistemas operativos (Computadoras) _9101 |
|
| 700 | 1 |
_aDelgado Cabrera, José María, _eed. _948871 |
|
| 830 | 0 |
_aManuales imprescindibles _948872 |
|
| 910 | _aWM | ||
| 049 | _aBNGR | ||
| 999 |
_c23231 _d23231 |
||